Visualizzazione normale
Vista MARC
di Personal Name
Records bibliografici associati: 1
001 - CONTROL NUMBER
- control field: 17223
003 - CONTROL NUMBER IDENTIFIER
- control field: IT-RoPau
005 - DATE AND TIME OF LATEST TRANSACTION
- control field: 20140323220641.0
008 - FIXED-LENGTH DATA ELEMENTS
- fixed length control field: 140323|| aca||aabn | a|a d
040 ## - CATALOGING SOURCE
- Original cataloging agency: IT-RoPau
- Transcribing agency: IT-RoPau
100 ## - HEADING--PERSONAL NAME
- Personal name:
- Relator term: Autore musica
670 ## - SOURCE DATA FOUND
- Source citation: Work cat.: (IT-RoPau)98883: Pourcel Franck 17222, Operas in digital